000 00447nam a2200181 4500
001 3660
005 20230410115846.0
008 060907n1997 dr spa
020 _a207074969X
035 _9funglode3679
041 _aFR
050 1 4 _aHN 440 J94f 1997
100 _aJulliard, Jacques
245 1 3 _aLa faute aux élites /
_cJaques Julliard
260 _aParis :
_bGallimard,
_c1997
300 _a238 p.
942 _2lcc
_cbk
999 _c49324
_d49324